Statistics for U.S. States Without Individual Income Tax

Click here to take the quiz!

General Stats

  • This quiz has been taken 26,567 times
    (11,534 since last reset)
  • The average score is 5 of 8

Answer Stats

States% Correct
Texas
81%
Florida
80%
Alaska
66%
Wyoming
56%
Nevada
52%
Washington
47%
South Dakota
40%
Tennessee
40%

Score Distribution

Percentile by Number Answered

Percent of People with Each Score

Your Score History

You have not taken this quiz since the last reset